00730nam a22002057a 450000500170000001000150001702000260003203500140005803700130007208200110008510000180009624501380011426000430025227001090029530000360040450000220044070000180046270000180048070000260049820190326150352.0 aENG-124937 a9789381496480c600.00 aEN-108469 bDBAD/PUB a614.54 aBhushan Kumar aIAL (Indian Association of Leprologists) hand book of leprosy/cby Bhushan Kumar; Tarun Narang; V.V. Dongr [and] Swapan Kumar Samanta aMumbaibBhalani Publishing Housec2018 a11 Mavawala Building, Opp. Seth G.S. Medical College & K.E.M. HospitalbMumbaie400012minfo@bhalani.com axviii, 258p. c28cm.(pbk)bill. aIt includes index aNarang, Tarun aDongr, V.V.  aSamanta, Swapan Kumar